Conjugated antisense system for selective target recognition: Design, synthesis and validation dissertation thesis
Enregistré dans:
| Auteur principal: | |
|---|---|
| Format: | Livre |
| Langue: | anglais |
| Publié: |
Bratislava
STU FCHPT
2018
|
| Accès en ligne: | Voir à l'OPAC |
| Tags: |
Pas de tags, Soyez le premier à ajouter un tag!
|
MARC
| LEADER | 00000nam a2200000 a 4500 | ||
|---|---|---|---|
| 005 | 20260127134416.0 | ||
| 008 | 200518 2018 xo a 001 0 eng d | ||
| 035 | |a vtls011967165 | ||
| 039 | 9 | |a 202005181109 |b mschk03 |y 202005181109 |z mschk03 | |
| 040 | |a STUSCHK1 |b slo |c STUSCHK1 |e AACR2 | ||
| 100 | 1 | |a Némethová, Veronika | |
| 245 | 1 | |a Conjugated antisense system for selective target recognition: Design, synthesis and validation |b dissertation thesis |c Veronika Némethová | |
| 260 | |a Bratislava |b STU FCHPT |c 2018 | ||
| 300 | |a 63 s. |b ill. |c 25 cm | ||
| 500 | |a Study programme: Macromolecular Chemistry | ||
| 500 | |a Study field: Macromolecular Chemistry | ||
| 500 | |a Training workplace: Polymer Institute of the Slovak Academy of Science | ||
| 500 | |a Reg.No.: FCHPT-19988-77033 | ||
| 910 | |a SCHK95 | ||
| 999 | |c 12090 |d 12090 | ||